Shapes, Space, and Symmetry

Furkejuvvon:
Bibliográfalaš dieđut
Váldodahkki: Holden, Alan (Dahkki)
Materiálatiipa: Girji
Giella:eaŋgalasgiella
Almmustuhtton: Nueva York Dover 1971
Fáttát:
Fáddágilkorat: Lasit fáddágilkoriid
Eai fáddágilkorat, Lasit vuosttaš fáddágilkora!

MARC

LEADER 00000nam a2200000 a 4500
001 UCH2770
003 CL-VaPUC
008 090624e19710000US |||||||||||||||||eng|d
020 |a 0486268519 
082 0 4 |a 516.15  |b HOL  |2 21 
100 |a Holden, Alan  |e author  |9 556565 
245 1 0 |a Shapes, Space, and Symmetry 
300 |a 200 p 
942 |c BK 
945 |d 20090624 00:00:00  |a dcastane 
260 |a Nueva York  |b Dover  |c 1971 
650 0 |a Geometría   |9 264063 
650 0 |a Figuras geométricas   |9 347994 
650 7 |a GEOMETRIA DE SOLIDOS  |2 CL-VaPUC  |9 423554 
650 0 |a Poliedros  |9 352653 
583 |a last modification  |c 20090624 00:00:00  |k Rodrigo Vera 
999 |c 334469  |d 334467 
952 |0 0  |1 0  |4 0  |6 516_150000000000000_HOL_1971  |7 0  |8 A  |9 423523  |a BIBCUR  |b BIBCUR  |d 2019-11-22  |i 4564707  |o 516.15 HOL 1971  |p 4564707  |r 2025-04-22  |w 2019-11-22  |y BK  |k FIS